000 00543nam a2200193Ia 4500
005 20250508170001.0
008 008 250505s9999 xx 000 0 eng d
037 _aTextual
040 _aFEDL
_beng
_cFEDL
041 _aeng
_2eng
084 _a323.6, ASH
_qFEDL
100 _aAshok Acharya Ed.
_9150066
245 0 _aCitizenship in a globalizing world
260 _aDelhi, India
_bPearson
_c2012
300 _a208p.
546 _aGifted by HOD Namita Ranganathan
942 _cTEXL
_h323.6, ASH
999 _c1398524
_d1398524